000 01107cab a2200253 4500
001 ABS47114
008 090401t1992 xxu||||| |||| 00| 0 eng d
035 _a(Sirsi) u60870
041 _aeng
100 _aLongley, P.
245 _aDo green belts change the shape of urban areas? A preliminary analysis of the settlement geography of South East England
260 _c1992
350 _a0
490 _aRegional Studies
_v26(5) 1992, 437-452(16)
520 _aExplores the settlement geography of South East England, with specific reference to the effect that the green belt has had upon the shape and size of towns comprising this region. Argues that the green belt is likely to have a significant effect on the geometry of settlement, distorting the geometry from the urban forms which might have arisen in the absence of such policy. (References) (Based on journal abstract)
650 _aGREEN BELT
650 _aSOUTH-EAST ENGLAND
690 _aPLANNING LAW AND PRACTICE
700 _aBatty, M.
700 _aShepherd, J.
700 _aSadler, G.
942 _n0
948 _c04/03/1997
999 _c37636
_d37636